Catálogo

DERECHO ROMANO I (Registro nro. 55523)

Detalles MARC
000 -LEADER
fixed length control field 00910nam a2200205 a 4500
001 - CONTROL NUMBER
control field 55523
005 - DATE AND TIME OF LATEST TRANSACTION
control field 20180714050851.0
008 - FIXED-LENGTH DATA ELEMENTS--GENERAL INFORMATION
fixed length control field 140415s2005 mx 000 0 spa d
020 ## - INTERNATIONAL STANDARD BOOK NUMBER
International Standard Book Number 9685409706
041 ## - LANGUAGE CODE
Language code of text/sound track or separate title spa
082 ## - DEWEY DECIMAL CLASSIFICATION NUMBER
Classification number 340.54
Item number HUB
100 1# - MAIN ENTRY--PERSONAL NAME
Personal name Huber Olea, Francisco José,.
245 10 - TITLE STATEMENT
Title DERECHO ROMANO I
250 ## - EDITION STATEMENT
Edition statement 1a ed.
260 ## - PUBLICATION, DISTRIBUTION, ETC.
Place of publication, distribution, etc. MEXICO :
Name of publisher, distributor, etc. IURE EDITORES,
Date of publication, distribution, etc. 2005
300 ## - PHYSICAL DESCRIPTION
Extent 478
Dimensions 17 x 1.5 x 23.1
490 ## - SERIES STATEMENT
Series statement TEXTOS JURIDICOS UNIVERSITARIOS
520 ## - SUMMARY, ETC.
Summary, etc. EN ESTE TEXTO SE DESARROLLA INTEGRAMENTE EL PRIMER CURSO DE DERECHO ROMANO, EN EL QUE SE ESTUDIAN SUS ORIGENES, ASI COMO SUS MAYORES APORTACIONES A LA CIENCIA JURIDICA DURANTE LA EPOCAS DE LA MONARQUIA, LA REOPUBLICA Y LOS IMPERIOS DE OCCIDENTE Y ORIENTE, TAMBIEN LAS INSTITUCIONES TAN IMPORTANTES COMO LAS PERSONAS, LA FAMILIA, EL DERECHO PROCESAL CIVIL Y LOS DERECHOS REALES.
650 14 - SUBJECT ADDED ENTRY--TOPICAL TERM
Topical term or geographic name entry element DERECHO ROMANO
Existencias
Withdrawn status Lost status Source of classification or shelving scheme Damaged status Not for loan Collection code Home library Current library Shelving location Date acquired Source of acquisition Inventory number Total Checkouts Full call number Barcode Date last seen Price effective from Koha item type Date last checked out
    Dewey Decimal Classification     General Biblioteca Karol Wojtyla Biblioteca Karol Wojtyla Sala general 03/12/2013 Compra 151000000000000000050636   340.54 HUB 83310 05/01/2026 03/12/2013 Libro  
    Dewey Decimal Classification     General Biblioteca Karol Wojtyla Biblioteca Karol Wojtyla Sala general 03/12/2013 Compra 151000000000000000050637   340.54 HUB 85198 05/01/2026 03/12/2013 Libro 10/04/2015